Sustainable solutions : (Record no. 53285)

MARC details
000 -LEADER
fixed length control field 00695nam a2200229Ia 4500
005 - DATE AND TIME OF LATEST TRANSACTION
control field 20260429112259.0
008 - FIXED-LENGTH DATA ELEMENTS--GENERAL INFORMATION
fixed length control field 260429s9999||||xx |||||||||||||| ||und||
020 ## - INTERNATIONAL STANDARD BOOK NUMBER
International Standard Book Number 9788197951657
041 ## - LANGUAGE CODE
Language English
082 ## - DEWEY DECIMAL CLASSIFICATION NUMBER
Classification number 333.72
Item number LAL
100 ## - MAIN ENTRY--PERSONAL NAME
Personal name Lalzarzovi, S. T.
245 #0 - TITLE STATEMENT
Title Sustainable solutions :
Remainder of title navigating climate change and natural resources /
Statement of responsibility, etc S. T. Lalzarzovi
260 ## - PUBLICATION, DISTRIBUTION, ETC. (IMPRINT)
Place of publication, distribution, etc New Delhi :
Name of publisher, distributor, etc Today & Tomorrow's Printers and Publishers,
Date of publication, distribution, etc 2025.
300 ## - PHYSICAL DESCRIPTION
Extent 258 p.; hb
650 ## - SUBJECT ADDED ENTRY--TOPICAL TERM
Topical term or geographic name as entry element Natural resources management
650 ## - SUBJECT ADDED ENTRY--TOPICAL TERM
Topical term or geographic name as entry element Sustainability
650 ## - SUBJECT ADDED ENTRY--TOPICAL TERM
Topical term or geographic name as entry element Climate change
700 ## - ADDED ENTRY--PERSONAL NAME
Personal name Lalnuntluanga
700 ## - ADDED ENTRY--PERSONAL NAME
Personal name Mishra, B. P.
700 ## - ADDED ENTRY--PERSONAL NAME
Personal name Tripathi, O. P.
942 ## - ADDED ENTRY ELEMENTS (KOHA)
Koha item type Text Books
Holdings
Withdrawn status Lost status Damaged status Not for loan Collection code Home library Location Shelving location Date of Cataloging Source of acquisition Total Checkouts Full call number Barcode Date last seen Price effective from Koha item type
        Non-fiction CUTN Central Library CUTN Central Library Social Sciences 29/04/2026 Today and Tomorrow’s Printers & Publishers, New Delhi - Invoice No. IN-00470 on 10-02-2026   333.72 LAL 58619 29/04/2026 29/04/2026 Text Books